banner-ar

THE TREE WHERE MAN WAS BORN: THE OFRICAN EXPERIENCE / (Record no. 19273)

MARC details
000 -الفاتح
حقل البيانات ثابتة الطول 00526nam a2200205Ia 4500
008 - عناصر البيانات ثابتة الطول - معلومات عامة
حقل البيانات ثابتة الطول 140319s9999 xx 000 0 eng d
040 ## - مصدر الفهرسة
وكالة الفهرسة الأصلية GCL /
وكالة النسخ GCL
082 04 - رقم تصنيف ديوى العشرى
رقم التصنيف 916
رقم المادة M T
100 1# - المدخل الرئيسى - إسم شخصى
الإسم الشخصى PORTER, ELLIOT
245 10 - بيان العنوان
العنوان THE TREE WHERE MAN WAS BORN: THE OFRICAN EXPERIENCE /
بيان المسئوليه,etc PORTER, ELLIOT
700 1# - المدخل الاضافى - اسم شخصى
الإسم الشخصى MATTHIESSEN, PETER
260 ## - PUBLICATION, DISTRIBUTION, ETC. (IMPRINT)
تاريخ النشر أو التوزيع 1972
300 ## - الوصف المادى
التعداد 247 P
650 04 - المدخل الاضافى بالموضوع-مصطلح موضوعى
مصطلح موضوعي AFRICA
650 04 - المدخل الاضافى بالموضوع-مصطلح موضوعى
مصطلح موضوعي SUDAN
650 04 - المدخل الاضافى بالموضوع-مصطلح موضوعى
مصطلح موضوعي MAN
650 04 - المدخل الاضافى بالموضوع-مصطلح موضوعى
مصطلح موضوعي LIFE, ORIGIN
942 ## - عناصر المدخل الإضافي( كوها)
مصدر التصنيف او مخطط الترفيف Dewey Decimal Classification
Koha [default] item type كتاب
260 ## - PUBLICATION, DISTRIBUTION, ETC. (IMPRINT)
-- [S.N] :
-- E.P. DUTTON& CO.INC ،
Holdings
حالة التراجع حالة الفقد حالة تلف ليس للاعارة المكان المؤقت الموقع الحالى تاريخ الاكتساب اجمالي اﻻعارات رقم الطلب الباركود تاريخ اخر مشاهدة تاريخ تفعيل السعر نوع وعاء كوها
        مكتبة القاهرة الكبرى مكتبة القاهرة الكبرى 03/26/2014   916\M T 36844 03/26/2014 03/26/2014 كتاب

Powered By

EGPV